Più luce, padre

Պահպանված է:
Մատենագիտական մանրամասներ
Հիմնական հեղինակ: Buffoni Franco
Ձևաչափ: Գիրք
Լեզու:Undetermined
Հրապարակվել է: Roma Luca Sossella 2006
Ցուցիչներ: Ավելացրեք ցուցիչ
Չկան պիտակներ, Եղեք առաջինը, ով նշում է այս գրառումը!

MARC

LEADER 00000nam a2200000Ia 4500
001 866
003 NUMERAZIONE-ORIGINALE-BRESCIA
005 20260206230754.0
008 260206s9999 xx 000 0 und d
100 |a Buffoni Franco 
245 0 |a Più luce, padre 
260 |a Roma 
260 |b Luca Sossella 
260 |c 2006 
500 |a Dialogo su Dio, la guerra e l'omosessualità 
942 |2 ddc  |c BK  |n 0 
952 |0 0  |1 0  |2 ddc  |4 0  |6 32  |7 0  |9 28683  |a BS  |b BS  |d 2026-02-06  |i 866  |l 0  |o 3-2-*  |r 2026-02-06 22:40:40  |w 2026-02-06  |x [REVISIONARE]  |y BK 
999 |c 24340  |d 24340